| 000 | 00596nam a2200217Ia 4500 | ||
|---|---|---|---|
| 003 | OSt | ||
| 005 | 20220923230656.0 | ||
| 006 | a|||||r|||| 00| 0 | ||
| 007 | ta | ||
| 008 | Pun | ||
| 024 | _a304,668 | ||
| 037 | _cTextual | ||
| 040 |
_aARTS _cARTS _bPun |
||
| 041 |
_2Pun _aPun |
||
| 082 | _aV:(P111:4k), 153L3 | ||
| 245 | 0 | _aਅੰਗ੍ਰੇਗ਼ੀ - ਪੰਜਾਬੀ ਤਕਨੀਕੀ Fਬਦਾਵਲੀ ਇਤਿਹਾਸ | |
| 260 | _c1973 | ||
| 650 | _aਭਾਰਤੀਯ ਇਤਿਹਾਸ | ||
| 942 |
_hV:(P111:4k), 153L3 _cTEXL _2CC |
||
| 999 |
_c386475 _d386475 |
||